The Secret of The Flying Trees

Bibliographic Details
Main Author: Yoshiko Lida
Format: Book
Published: Singapore : Asiapac , 1992
Subjects:

MARC

LEADER 00000cam a2200000 7i4500
001 0000044021
005 20040217.0
008 040217s1992
020 |a 9971985985 
090 0 0 |a 895.6 YOS 
100 0 |a Yoshiko Lida 
245 1 4 |a The Secret of The Flying Trees   |c Yoshiko Lida 
260 |a Singapore :   |b Asiapac ,   |c 1992 
300 |a 79p, :   |b ill ;   |c 21cm. 
650 0 0 |a Literature 
999 |a 05881   |b Buku   |c Rak Terbuka   |e Perbadanan Perpustakaan Awam Melaka